Largest Cities without R, S, T, L, N, or E - Statistics

General Stats
  • This quiz has been taken 371 times
  • The average score is 7 of 24
Answer Stats
Location Population Answer % Correct
South Asia 26,600,000 Mumbai
82%
North America 9,900,000 Chicago
75%
South Asia 21,300,000 Dhaka
73%
North America 6,450,000 Miami
64%
West Asia 7,500,000 Baghdad
56%
West Asia 6,600,000 Dubai
55%
West Africa 4,100,000 Abuja
42%
West Asia 2,450,000 Doha
40%
West Asia 2,675,000 Baku
38%
West Africa 3,975,000 Bamako
29%
Europe 3,475,000 Kyiv
28%
West Africa 2,800,000 Ouagadougou
23%
East Asia 4,550,000 Fuzhou
17%
East Asia 2,800,000 Fukuoka
13%
West Asia 2,750,000 Dammam
10%
East Asia 3,800,000 Zibo
9%
West Asia 2,125,000 Gaza
8%
Central Africa 2,325,000 Mbuji-Mayi
8%
East Asia 2,175,000 Okayama
5%
East Asia 3,000,000 Xuzhou
5%
East Asia 2,575,000 Haikou
4%
East Asia 2,450,000 Zhuhai
3%
East Asia 2,475,000 Yiwu
2%
South Asia 2,225,000 Vijayawada
1%
No matching quizzes found
Score Distribution
Percent of People with Each Score
Percentile by Number Answered
Your Score History
You have not taken this quiz